• 首页
  • 本馆介绍
  • 公告通知
  • 最新文献
  • 馆藏检索
  • 电子资源
  • 读者导购
  • 参考咨询
  • 我的图书馆
  • 登录
  • 详细信息显示
  • 放入我的书架
  • 预约/预借图书
  • 作者相关作品
  • 分类相关作品
  • 丛书相关作品
  • 出版社相关作品

书目信息

  • 表格格式
  • 工作单格式
  • 卡片格式
题名:
电源电路识图与故障分析轻松入门
    
 
作者: 胡斌 , 严大香 编著
分册:  
出版信息: 北京   人民邮电出版社  2003
页数: 289页
开本: 26cm
丛书名: 轻松入门系列丛书
单 册:
中图分类: TN86
科图分类:
主题词: 电源电路--电路图--识图法 , 电源电路--故障诊断
电子资源:
ISBN: 7-115-11299-1
000 00945oam2 2200277 45
001 020000013514
005 20051122082151.31
010    @a7-115-11299-1@dCNY25.00
092    @aCN
100    @a20040615e20042003em y0chiy0110 ea
101 0  @achi
102    @aCN@b110000
105    @ay z 000yy
200 1  @a电源电路识图与故障分析轻松入门@Adian yuan dian lu shi tu yu gu zhang fen xi qing song ru men@f胡斌,严大香编著@FHu Bin,Yan Da Xiang Bian Zhu
210    @a北京@c人民邮电出版社@d2003
215    @a289页@d26cm
225 2  @a轻松入门系列丛书
330    @a本书从基本的直流电源知识开始,详尽介绍了电源电路中各部分单元电路工作原理、识图方法、电路故障分析思路以及动手装配直流电源的全过程。
410    @12001 @a轻松入门系列丛书
606 0  @a电源电路@x电路图@x识图法
606 0  @a电源电路@x故障诊断
690    @aTN86@v4
701  0 @a胡斌@4编著
701  0 @a严大香@4编著
801  0 @aCN@bCXYBOOK@c20051122
905    @a10447@dTN86@e45
    
    电源电路识图与故障分析轻松入门/胡斌,严大香编著.-北京:人民邮电出版社,2003
    289页;26cm.-(轻松入门系列丛书)
    
    
    ISBN 7-115-11299-1:CNY25.00
    本书从基本的直流电源知识开始,详尽介绍了电源电路中各部分单元电路工作原理、识图方法、电路故障分析思路以及动手装配直流电源的全过程。
●
相关链接 在E读中查询图书 在五车中查询图书 在当当中查询图书 在豆瓣中查询图书


正题名:电源电路识图与故障分析轻松入门     索取号:TN86/45         预约/预借

序号 登录号 条形码 馆藏地/架位号 状态 备注
1 0350850   3508500   第二样本阅览室/ [索取号:TN86/45] 在馆    
2 0368510   203685100   第三借阅区/ [索取号:TN86/45] 在馆    
3 0368511   203685119   第三借阅区/ [索取号:TN86/45] 在馆    
4 0368512   203685128   第三借阅区/ [索取号:TN86/45] 在馆    
5 0368513   203685137   第三借阅区/ [索取号:TN86/45] 在馆    
6 0368514   203685146   第三借阅区/ [索取号:TN86/45] 在馆    
唐山师范学院图书馆 欢迎您!
大连网信软件有限公司© 版权所有